000 00805nam a2200253 a 4500
008
020 _a0582218845 (pbk.)
049 _aMAIN
090 _aQA911
_bVER
100 1 _aVersteeg, H.K.
245 1 3 _aAn introduction to computational fluid dynamics :
_bthe finite volume method /
_cH.K. Versteeg and W. Malalasekera.
260 _aHarlow, England :
_bPrentice Hall,
_c1995.
300 _ax, 257 p. :
_bill. ;
_c25 cm.
504 _aIncludes bibliographical references.
500 _aInludes index.
650 0 _aFinite volume method.
650 0 _aFluid dynamics
_xData processing.
700 1 _aMalalasekera, W.
907 _a.b10126533
_b20-04-12
_c14-06-04
003
005 20230123133738.0
040 _cNUST
942 _cBOOKS
_kQA911
_mVER
999 _c153898
_d153898